[Event "Match"]
[Site "www.echecsemail.com"]
[Date "2018.07.25"]
[Round "1"]
[White "Fegatux"]
[Black "Micheles"]
[WhiteElo "2340"]
[BlackElo "2570"]
[Result "0-1"]
[Round "1"]
1.e4 c6
2.d4 d5
3.e5 Bc8f5
4.Ng1f3 e6
5.Bf1e2 Nb8d7
6.O-O Ng8e7
7.c3 c5
8.Bc1e3 Ne7c6
9.Nb1a3 c4
10.Na3c2 Bf8e7
11.Qd1d2 O-O
12.h3 f6
13.Nf3h4 Bf5xc2
14.Qd2xc2 fxe5
 { time }
0-1

[Event "Tourn. n9850"]
[Site "www.echecsemail.com"]
[Date "2018.07.25"]
[Round "1"]
[White "Destructor"]
[Black "Danquigley"]
[WhiteElo "2510"]
[BlackElo "2610"]
[Result "0-1"]
[Round "1"]
1.e4 e6
2.d4 d5
3.Nb1c3 Ng8f6
4.e5 Nf6d7
5.f4 c5
6.Ng1f3 Nb8c6
7.Bc1e3 Bf8e7
8.Qd1d2 O-O
9.dxc5 Be7xc5
10.O-O-O a6
11.Be3xc5 Nd7xc5
12.Qd2e3 Qd8b6
13.Kb1 Qb6a7
14.g4 Nc5e4
15.Nf3d4 Ne4xc3
16.Qe3xc3 Bc8d7
17.Nd4f3 Ra8c8
18.Qc3d2 f6
19.Rd1e1 Qa7b6
20.a3 fxe5
21.Nf3xe5 Rc8d8
22.Ne5xd7 Rd8xd7
23.Bf1d3 Rd7d6
24.Rh1f1 Nc6a5
25.Qd2c1 Qb6d4
 { time }
0-1

[Event "Match"]
[Site "www.echecsemail.com"]
[Date "2018.07.25"]
[Round "1"]
[White "Darknight"]
[Black "Pinehill"]
[WhiteElo "1870"]
[BlackElo "2070"]
[Result "0-1"]
[Round "1"]
1.e4 d5
2.e5 c5
3.c3 Nb8c6
4.d4 cxd4
5.cxd4 Bc8f5
6.Nb1c3 e6
7.a3 a6
8.b4 Ng8e7
9.Bc1e3 b5
10.a4 Nc6xb4
11.Ra1c1 Qd8b6
12.h4 Ne7c6
13.g4 Bf5e4
14.f3 Nc6xe5
15.fxe4 Ne5c4
16.Bf1xc4 dxc4
17.Rc1b1 Nb4d3
18.Kd2 b4
19.Nc3a2 a5
20.Ke2 Qb6b7
21.Na2c1 Qb7xe4
22.Ng1f3 Bf8d6
23.Nc1xd3 cxd3
24.Kf2 O-O
25.Rh1g1 Ra8c8
26.h5 Rc8c2
27.Nf3d2 Bd6f4
28.Rg1e1 Rf8c8
29.g5 Bf4h2
30.Kf1 Qe4d5
31.Qd1g4 Rc2a2
32.Rb1a1 Ra2xa1
33.Re1xa1 Qd5h1
34.Be3g1 Rc8c2
35.Nd2f3 Bh2xg1
36.Nf3xg1 d2
37.Qg4d1 b3
38.Ra1b1 Qh1c6
39.Qd1e2 Rc2c1
40.Kf2 d1N
41.Kg3 Rc1xb1
42.Qe2e5 Qc6c3
43.Ng1f3 Rb1c1
44.Kf4 Nd1f2
45.h6 Nf2d3
46.Ke4 Nd3xe5
47.dxe5 b2
48.Nf3h4 b1Q
49.Kf4 Qb1b4

0-1

[Event "Match"]
[Site "www.echecsemail.com"]
[Date "2018.07.25"]
[Round "1"]
[White "Grischuk2789"]
[Black "Calponas"]
[WhiteElo "1809"]
[BlackElo "2110"]
[Result "1-0"]
[Round "1"]
1.c4 e5
2.Nb1c3 Ng8f6
3.Ng1f3 Bf8c5
4.Nf3xe5 Qd8e7
5.d4 Bc5b4
6.e3 d6
7.Qd1a4 c6
8.Qa4xb4 dxe5
9.Qb4xe7 Kxe7
10.dxe5 Nf6g4
11.f4 Bc8f5
12.h3 Ng4h6
13.g4 Bf5d7
14.b3 a5
15.Bc1a3 Kd8
16.Nc3e4 f5
17.exf6 gxf6
18.Ne4xf6 b5
19.cxb5 cxb5
20.Nf6xd7 Nb8xd7
21.Bf1xb5 Ra8b8
22.Bb5d3 Rh8e8
23.Kf2 Nd7b6
24.Rh1d1 { resign }
1-0

[Event "Match"]
[Site "www.echecsemail.com"]
[Date "2018.07.25"]
[Round "1"]
[White "Gambitmiau"]
[Black "Karlgrocer"]
[WhiteElo "1980"]
[BlackElo "1960"]
[Result "1-0"]
[Round "1"]
1.e4 c5
2.Ng1f3 e6
3.d4 cxd4
4.Nf3xd4 Bf8e7
5.Bc1d2 Ng8f6
6.e5 Nf6d5
7.Bf1c4 Nd5c7
{ time. }
1-0

[Event "Tourn. n9860"]
[Site "www.echecsemail.com"]
[Date "2018.07.25"]
[Round "1"]
[White "Ssharp"]
[Black "Fantomas"]
[WhiteElo "2200"]
[BlackElo "2110"]
[Result "1/2-1/2"]
[Round "1"]
1.e4 e5
2.Ng1f3 Nb8c6
3.Bf1c4 Bf8e7
4.Nb1c3 Ng8f6
5.d3 d6
6.h3 O-O
7.a3 h6
8.O-O a6
9.Bc1e3 Nf6h7
10.Nc3d5 b5
11.Bc4a2 Rf8e8
12.Nd5xe7 Nc6xe7
13.Qd1d2 Ne7g6
14.Nf3h2 Nh7f6
15.Be3xh6 gxh6
16.Qd2xh6 Bc8e6
17.Ba2xe6 Re8xe6
18.g3 Qd8f8
19.Qh6g5 Kh7
20.Kg2 Qf8h6
21.Qg5f5 Kg7
22.Nh2g4 Nf6xg4
23.hxg4 Ng6e7
24.Qf5f3 Re6f6
25.Qf3e2 Qh6g5
26.Rf1h1 Ra8h8
27.Rh1xh8 Kxh8
28.Ra1h1 Rf6h6
29.Rh1xh6 Qg5xh6
30.Qe2e1 Qh6f8
31.Qe1h1 Kg7
32.f4 Qf8h8
33.Qh1g1 exf4
34.gxf4 Qh8h4
{ draw }
1/2-1/2

[Event "1/8 Finale"]
[Site "www.chess-mail.com"]
[Date "2018.07.25"]
[Round "1"]
[White "Chessington"]
[Black "Jaroslavpech"]
[WhiteElo "2800"]
[BlackElo "2390"]
[Result "1/2-1/2"]
[Round "1"]
1.Ng1f3 Ng8f6
2.g3 d5
3.Bf1g2 c5
4.O-O Nb8c6
5.d4 cxd4
6.Nf3xd4 e5
7.Nd4xc6 bxc6
8.c4 Bc8e6
9.Nb1c3 Ra8c8
10.cxd5 cxd5
11.Qd1a4 Qd8d7
12.Qa4xd7 Kxd7
13.Rf1d1 Bf8c5
14.Nc3a4 Bc5e7
15.Bc1g5 Nf6g8
16.Bg5e3 d4
17.Be3d2 Ng8h6
18.e3 Nh6f5
19.Bd2c3 Kc7
20.exd4 Nf5xd4
21.Bc3xd4 exd4
22.Rd1xd4 Rh8d8
23.Ra1c1 Kb8
24.Rc1xc8 Kxc8
25.Rd4xd8 Kxd8
26.b3 Be7b4
27.Na4b2 Ke7
28.Nb2d3 Bb4c3
29.Kf1 Kd6
30.Ke2 Bc3d4
31.Bg2b7 g5
32.Kf3 h6
33.Ke4 Bd4b6
34.f4 f5
35.Kf3 g4
36.Ke2 Bb6d4
37.Bb7a6 Be6d7
38.Nd3e5 Bd4xe5
39.fxe5 Kxe5
40.Ke3 Bd7e6
41.Ba6c4 Be6xc4
42.bxc4 a5
43.c5 Kd5
44.c6 Kxc6
45.Kf4 Kc5
46.Kxf5 Kb4
47.Kxg4 Ka3
48.Kh5 a4
49.Kxh6 Kxa2
50.g4 a3
51.g5 Kb2
52.g6 a2
53.g7 a1Q
54.g8Q Qa1c1
55.Qg8g5 Qc1c6
56.Kh5 Qc6e8
57.Qg5g6 Qe8e5
58.Kh6 { draw }
1/2-1/2

[Event "1/128 Finale"]
[Site "www.chess-mail.com"]
[Date "2018.07.25"]
[Round "1"]
[White "Ranjachess"]
[Black "Grischuk2789"]
[WhiteElo "1840"]
[BlackElo "2460"]
[Result "0-1"]
[Round "1"]
1.d4 g6
2.Bc1f4 Bf8g7
3.e3 Ng8f6
4.Bf4e5 d6
5.Be5xf6 Bg7xf6
6.Nb1c3 O-O
7.Qd1d3 c5
8.d5 b5
9.Nc3d1 Nb8d7
10.Qd3e2 Bc8b7
11.e4 Rf8e8
12.Qe2xb5 Ra8b8
13.Qb5a4 e6
14.dxe6 Re8xe6
15.Bf1d3 c4
16.Bd3xc4 Re6xe4
17.Ng1e2 Nd7c5
18.Bc4xf7 Kxf7
19.Qa4a3 Bb7a6
20.O-O Re4xe2
21.Qa3h3 Kg7
22.Nd1c3 Re2xc2
23.Rf1b1 Bf6d4
24.Nc3d1 Qd8f6
25.Qh3g3 Nc5e4
26.Nd1e3 Ne4xg3
27.hxg3 Qf6xf2
28.Kh1 Bd4xe3
29.Kh2 Qf2xg2

0-1

[Event "Tourn. n9872"]
[Site "www.echecsemail.com"]
[Date "2018.07.26"]
[Round "1"]
[White "Muchomurka"]
[Black "Cathar"]
[WhiteElo "2410"]
[BlackElo "2370"]
[Result "1-0"]
[Round "1"]
1.e4 e6
2.d4 d5
3.Nb1d2 Ng8f6
4.e5 Nf6d7
5.f4 c5
6.c3 Nb8c6
7.Nd2f3 Qd8b6
8.g3 cxd4
9.cxd4 Bf8e7
10.Kf2 O-O
11.Kg2 f5
12.b3 Nd7b8
13.Ng1e2 Bc8d7
14.Ne2c3 Nb8a6
15.Bf1e2 Ra8c8
16.Qd1d2 Nc6d8
17.Bc1b2 Na6c7
18.Rh1c1 Be7b4
19.Qd2e3 Bb4xc3
20.Rc1xc3 Bd7b5
21.Be2d1 a5
22.a4 Bb5a6
23.Bb2a3 Rf8e8
24.Ra1c1 Nd8f7
25.Ba3c5 Qb6c6
26.Bc5d6 Qc6d7
27.Bd6xc7 { resign }
1-0

[Event "Tourn. n9865"]
[Site "www.echecsemail.com"]
[Date "2018.07.26"]
[Round "1"]
[White "Urbe69"]
[Black "Andychesston"]
[WhiteElo "2270"]
[BlackElo "2030"]
[Result "1-0"]
[Round "1"]
1.c4 e5
2.g3 d5
3.cxd5 Qd8xd5
4.Ng1f3 e4
5.Nb1c3 Qd5e6
6.Qd1a4 Qe6c6
7.Qa4xe4 Qc6xe4
8.Nc3xe4 f5
9.Ne4c3 Bf8d6
10.Nc3b5 Ke7
11.Bf1g2 c6
12.Nb5xd6 Kxd6
13.d3 Ng8e7
14.b3 Nb8d7
15.Bc1a3 c5
16.O-O b6
17.Nf3g5 Ne7d5
18.Ng5f7 Ke6
19.Nf7xh8 Bc8b7
20.e4 fxe4
21.dxe4 Nd5f6
22.Nh8g6 hxg6
23.Rf1e1 Nd7e5
24.f4 Ne5d3
25.Re1e3 Nd3b4
26.Ba3xb4 cxb4
27.Ra1c1 Ra8d8
28.Bg2h3 Ke7
29.Rc1c7 Kf8
30.Rc7xb7 Rd8d1
31.Kf2 Rd1d2
32.Re3e2 Rd2d4
33.e5 Nf6d5
34.e6 Nd5f6
35.e7 { resign }
1-0

[Event "Tourn. n9881"]
[Site "www.echecsemail.com"]
[Date "2018.07.26"]
[Round "1"]
[White "Falcoale"]
[Black "Dougbeer"]
[WhiteElo "1910"]
[BlackElo "1979"]
[Result "0-1"]
[Round "1"]
1.e4 e6
2.d4 d5
3.e5 c5
4.c3 Nb8c6
5.Ng1f3 Bc8d7
6.Bf1e2 Ng8e7
7.O-O Ne7g6
8.Rf1e1 Bf8e7
9.Nb1d2 O-O
10.Nd2f1 Qd8b6
11.Nf1g3 cxd4
12.cxd4 Rf8c8
13.b3 Be7b4
14.Re1f1 Bb4c3
15.Ra1b1 Nc6xd4
16.Nf3xd4 Qb6xd4
17.Qd1xd4 Bc3xd4
18.Bc1b2 Bd4xe5
19.Bb2a3 Rc8c2
20.Be2d3 Rc2xa2
21.Ba3c5 Ng6f4
22.b4 Nf4xd3
23.Rb1b3 Bd7b5
24.Rb3b1 Nd3xc5
25.bxc5 Bb5xf1
26.Ng3xf1 Be5d4
{ resign }
0-1

[Event "Match"]
[Site "www.echecsemail.com"]
[Date "2018.07.26"]
[Round "1"]
[White "Pinehill"]
[Black "Apdash"]
[WhiteElo "2080"]
[BlackElo "1810"]
[Result "0-1"]
[Round "1"]
1.e4 c5
2.Ng1f3 d6
3.Bf1b5 Nb8c6
4.O-O e5
5.c3 a6
6.Bb5xc6 bxc6
7.d4 cxd4
8.cxd4 exd4
9.Qd1xd4 Ng8f6
10.Nb1c3 Bf8e7
11.Bc1f4 Bc8g4
12.Nf3d2 O-O
13.f3 c5
14.Qd4a4 Bg4d7
15.Qa4c2 Bd7b5
16.Nc3xb5 axb5
17.a3 Qd8b6
18.Kh1 Ra8a4
19.e5 Ra4xf4
20.exf6 Be7xf6
21.Nd2e4 Bf6d4
22.Ra1d1 d5
23.Ne4f2 Rf8e8
24.Nf2h3 Rf4h4
25.b4 c4
26.Nh3g5 Bd4e3
27.f4 d4
28.Qc2f5 Re8f8
29.Rf1f3 g6
30.Qf5e4 h6
31.Ng5h3 Qb6e6
32.Qe4b7 Rh4h5
33.f5 Rh5xf5
34.Rf3xf5 Qe6xf5
35.Nh3g1 c3
36.Ng1f3 c2
37.Rd1f1 c1Q
38.Rf1xc1 Be3xc1
{ resign }
0-1

[Event "Match"]
[Site "www.echecsemail.com"]
[Date "2018.07.26"]
[Round "1"]
[White "Daniel13"]
[Black "Caspito"]
[WhiteElo "1699"]
[BlackElo "1940"]
[Result "0-1"]
[Round "1"]
1.d4 Ng8f6
2.Bc1g5 g6
3.Bg5xf6 exf6
4.e4 Bf8g7
5.c3 d6
6.Bf1d3 O-O
7.Ng1f3 Bc8g4
 { time }
0-1

[Event "Match"]
[Site "www.echecsemail.com"]
[Date "2018.07.26"]
[Round "1"]
[White "Gilliere"]
[Black "J1j6"]
[WhiteElo "1960"]
[BlackElo "1940"]
[Result "1-0"]
[Round "1"]
1.e4 e6
2.d4 d6
3.Nb1c3 g6
4.Ng1f3 Bf8g7
5.Bf1c4 c6
6.O-O b5
7.Bc4b3 Bc8b7
8.Rf1e1 d5
9.e5 Nb8d7
10.a3 Qd8c7
11.Bc1f4 Nd7b6
12.Qd1d2 a5
13.a4 b4
14.Nc3e2 Ra8c8
15.Ne2g3 Ng8e7
16.Bf4h6 Bg7xh6
17.Qd2xh6 Kd7
18.Nf3g5 f5
19.exf6 Ne7f5
20.Ng3xf5 Qc7f4
21.Qh6g7 { resign }
1-0

[Event "Tourn. n9881"]
[Site "www.echecsemail.com"]
[Date "2018.07.26"]
[Round "1"]
[White "Claudia"]
[Black "Apdash"]
[WhiteElo "1920"]
[BlackElo "1840"]
[Result "0-1"]
[Round "1"]
1.e4 c5
2.Ng1f3 d6
3.d4 cxd4
4.Nf3xd4 Ng8f6
5.Nb1c3 a6
6.f3 Nb8c6
7.Bc1e3 g6
8.Qd1d2 Bf8g7
9.g4 Nc6xd4
10.Be3xd4 e5
11.Bd4e3 b5
12.Bf1d3 Bc8e6
 { time }
0-1

[Event "Match"]
[Site "www.echecsemail.com"]
[Date "2018.07.26"]
[Round "1"]
[White "J1j6"]
[Black "Jesmantiz"]
[WhiteElo "2180"]
[BlackElo "2180"]
[Result "0-1"]
[Round "1"]
1.Ng1f3 f5
2.d4 d6
3.c4 c6
4.Nb1c3 g6
5.b4 Ng8f6
6.Bc1b2 Bf8h6
7.e3 O-O
8.Qd1b3 Bc8e6
9.O-O-O Be6f7
10.Bf1d3 b5
11.Nf3d2 bxc4
12.Bd3xc4 d5
13.Bc4d3 Nb8d7
14.h3 Qd8c7
15.f4 a5
16.Nd2b1 axb4
17.Qb3xb4 Rf8b8
18.Qb4xe7 Bh6f8
{ resign }
0-1

[Event "Match"]
[Site "www.echecsemail.com"]
[Date "2018.07.26"]
[Round "1"]
[White "Tonino1"]
[Black "Witpar"]
[WhiteElo "2200"]
[BlackElo "2690"]
[Result "0-1"]
[Round "1"]
1.d4 Ng8f6
2.g4 Nf6xg4
3.e4 d5
4.e5 c5
5.Bf1e2 Ng4h6
6.Bc1xh6 gxh6
7.c3 Qd8b6
8.Qd1d2 Bc8f5
9.Nb1a3 cxd4
10.cxd4 e6
11.Na3b5 Nb8c6
12.Ng1f3 Bf5e4
13.Nb5d6 Bf8xd6
14.exd6 Be4xf3
15.Be2xf3 Qb6xd4
16.O-O-O Ra8c8
17.Kb1 Qd4xd2
18.Rd1xd2 Rh8g8
19.Rh1e1 Kd7
20.Bf3h5 Rg8g7
21.h3 Kxd6
22.a3 Nc6e5
23.f4 Ne5d7
24.Bh5g4 f5
25.Bg4f3 Rg7g3
26.Bf3g2 Rc8g8
27.Bg2f1 Nd7c5
28.Rd2c2 Rg3f3
29.Ka2 Rg8g1
30.Rc2c1 Rf3xf4
 { time }
0-1

[Event "Tourn. n9885"]
[Site "www.echecsemail.com"]
[Date "2018.07.26"]
[Round "1"]
[White "Grischuk2789"]
[Black "Louis"]
[WhiteElo "2119"]
[BlackElo "2050"]
[Result "1-0"]
[Round "1"]
1.b3 f5
2.Bc1b2 Ng8f6
3.Ng1f3 e6
4.e3 b6
5.Bf1e2 Bc8b7
6.O-O Bf8e7
7.d4 O-O
8.c4 Nf6e4
9.Nf3e5 Nb8c6
10.Ne5xc6 Bb7xc6
11.f3 Ne4f6
12.Nb1c3 Bc6b7
13.Qd1c2 d5
14.Ra1d1 { resign }
1-0

[Event "Match"]
[Site "www.echecsemail.com"]
[Date "2018.07.26"]
[Round "1"]
[White "Sonny1000"]
[Black "Llord"]
[WhiteElo "1530"]
[BlackElo "1950"]
[Result "0-1"]
[Round "1"]
1.e4 e5
2.Ng1f3 Nb8c6
3.c3 Bf8c5
4.Bf1c4 Ng8f6
5.Qd1b3 O-O
6.Nf3g5 d5
7.Ng5xf7 Qd8e8
8.Qb3b5 dxc4
9.Qb5xc5 Qe8xf7
10.f3 Nf6d7
11.Qc5b5 a6
12.Qb5d5 Qf7xd5
13.exd5 Nc6e7
14.d6 cxd6
15.O-O b5
16.Nb1a3 Rf8f6
17.b4 cxb3
18.axb3 Nd7c5
19.Ra1b1 Rf6g6
20.Rf1e1 Nc5d3
21.Re1d1 Bc8h3
22.Kf1 Rg6xg2
{ resign }
0-1

[Event "Tourn. n9889"]
[Site "www.echecsemail.com"]
[Date "2018.07.26"]
[Round "1"]
[White "Andychesston"]
[Black "Fantomas"]
[WhiteElo "2100"]
[BlackElo "2110"]
[Result "0-1"]
[Round "1"]
1.e4 e6
2.d4 d5
3.exd5 exd5
4.Ng1f3 Bf8e7
5.Nb1c3 h6
6.Bf1e2 Ng8f6
7.O-O O-O
8.Bc1d2 c6
9.Qd1c1 Bc8f5
10.Nf3h4 Bf5h7
11.f4 Nb8d7
12.f5 Kh8
13.Bd2xh6 gxh6
14.Qc1xh6 Nf6g8
15.Qh6h5 Be7xh4
16.Rf1f4 Bh4e7
17.Ra1f1 Nd7f6
18.Qh5h3 Be7d6
19.Rf4h4 Rf8e8
20.Rh4xh7 Nf6xh7
21.Be2h5 Qd8f6
22.Rf1d1 Re8e7
23.Nc3e2 Ra8e8
24.Kf2 Qf6g5
25.Rd1d3 Ng8f6
26.Rd3g3 Nf6e4
27.Kf3 Ne4xg3
28.Ne2xg3 Qg5e3
29.Kg4 Re7e4
{ resign }
0-1

[Event "Tourn. n9893"]
[Site "www.echecsemail.com"]
[Date "2018.07.26"]
[Round "1"]
[White "Ladyuzbetova"]
[Black "Cal"]
[WhiteElo "1539"]
[BlackElo "1680"]
[Result "1-0"]
[Round "1"]
1.f4 Ng8f6
2.c4 d6
3.Ng1f3 h6
4.Nb1c3 Nb8c6
5.d4 e6
6.e4 Nf6d7
7.d5 exd5
8.cxd5 Nc6a5
9.b4 Qd8f6
10.Qd1c2 Bf8e7
11.Bf1d3 O-O
12.O-O a6
13.bxa5 c6
14.e5 dxe5
15.Bd3h7 Kh8
16.Nc3e4 Kxh7
17.Ne4xf6 Kh8
18.Qc2h7 { resign }
1-0

[Event "Tourn. n9859"]
[Site "www.echecsemail.com"]
[Date "2018.07.26"]
[Round "1"]
[White "Amaya"]
[Black "Gegonz"]
[WhiteElo "2140"]
[BlackElo "2170"]
[Result "1-0"]
[Round "1"]
1.d4 Ng8f6
2.e3 e6
3.Bf1d3 d5
4.Nb1d2 c5
5.c3 Nb8c6
6.a3 e5
7.f3 cxd4
8.exd4 exd4
9.cxd4 Nc6xd4
10.Ng1e2 Nd4c6
11.O-O Bf8d6
12.Qd1e1 O-O
13.Qe1f2 Qd8c7
14.Qf2h4 Rf8e8
15.Ne2c3 Nc6e5
16.Nc3xd5 Qc7c5
17.Kh1  { time }
1-0

[Event "Fast Game"]
[Site "www.echecsemail.com"]
[Date "2018.07.26"]
[Round "1"]
[White "Add"]
[Black "Alekpax"]
[WhiteElo "1890"]
[BlackElo "2189"]
[Result "0-1"]
[Round "1"]
1.e4 e5
2.Ng1f3 Nb8c6
3.d4 exd4
4.Nf3xd4 Ng8f6
5.Nd4xc6 bxc6
6.Bf1d3 d5
7.Qd1e2 dxe4
8.Bd3xe4 Nf6xe4
9.Qe2xe4 Qd8e7
10.Qe4xe7 Bf8xe7
11.O-O Bc8f5
12.c3 a5
13.Rf1e1 Kd7
14.b3 a4
15.Nb1a3 Rh8d8
16.Bc1b2 Bf5e6
17.c4 Ke8
18.h3 g6
19.Re1e2 axb3
20.axb3 Rd8d3
21.Re2e3 Rd3d2
22.Bb2c3 Ra8xa3
23.Ra1xa3 Rd2d1
24.Kh2 Be7xa3
25.Bc3e5 Kd7
{ resign }
0-1

[Event "Tourn. n9882"]
[Site "www.echecsemail.com"]
[Date "2018.07.27"]
[Round "1"]
[White "Iko"]
[Black "Reda"]
[WhiteElo "1710"]
[BlackElo "1800"]
[Result "0-1"]
[Round "1"]
1.e4 e5
2.Ng1f3 Nb8c6
3.d4 exd4
4.Nf3xd4 Nc6xd4
5.Qd1xd4 Qd8e7
6.Bc1h6 Ng8xh6
7.Bf1d3 Qe7b4
8.c3 Qb4xb2
9.O-O Qb2xa1
10.Bd3c4 Qa1b2
11.Qd4e5 Kd8
12.f3 Bf8d6
13.Qe5xg7 Bd6c5
14.Kh1 Rh8g8
15.Qg7xh6 Qb2xg2

0-1

[Event "Tourn. n9859"]
[Site "www.echecsemail.com"]
[Date "2018.07.27"]
[Round "1"]
[White "Ff333"]
[Black "Gegonz"]
[WhiteElo "2170"]
[BlackElo "2170"]
[Result "1-0"]
[Round "1"]
1.e4 g6
2.d4 Bf8g7
3.Nb1c3 d6
4.h3 Ng8f6
5.f4 Nf6h5
6.Bf1e2 Nh5g3
7.Rh1h2 c5
8.Bc1e3 Nb8c6
9.Be2b5 Bc8d7
10.Qd1f3 cxd4
11.Bb5xc6 Bd7xc6
12.Qf3xg3 dxc3
13.b3 O-O
14.Ng1e2 Bc6xe4
15.Be3d4 Bg7xd4
{ time. }
1-0

[Event "Tourn. n9870"]
[Site "www.echecsemail.com"]
[Date "2018.07.27"]
[Round "1"]
[White "Apdash"]
[Black "Awfen"]
[WhiteElo "1810"]
[BlackElo "2060"]
[Result "1-0"]
[Round "1"]
1.d4 d5
2.Ng1f3 Nb8c6
3.c4 b6
4.Nb1c3 Ng8f6
5.cxd5 Nf6xd5
6.e4 Nd5xc3
7.bxc3 e6
8.Bf1b5 Bc8d7
9.Qd1a4 Nc6b8
10.d5 Bf8c5
11.Bc1g5 f6
12.Bg5h4 exd5
13.e5 g5
14.Bh4g3 c6
15.Bb5e2 f5
16.h4 g4
17.Nf3g5 Qd8e7
18.O-O h6
19.e6 hxg5
20.exd7 Kxd7
21.Be2a6 Nb8xa6
22.Qa4xa6 Rh8b8
23.Bg3xb8 Ra8xb8
24.Qa6xa7 Kc8
25.Qa7a6 Rb8b7
26.Ra1e1 Qe7d7
27.c4 d4
28.hxg5 Kb8
29.Qa6a4 Rb7a7
30.Qa4b3 Ra7a3
31.Qb3b2 g3
32.Re1e5 f4
33.Re5xc5 Ra3a6
34.Rf1e1 d3
35.g6 Kc7
36.g7 Ra6a8
37.Rc5e5 gxf2
38.Qb2xf2 d2
39.Re1d1 Qd7xg7
40.Qf2xf4 Kb7
41.Rd1xd2 Ra8f8
42.Qf4e4 Ka6
43.Rd2d3 Rf8g8
44.Rd3a3 Kb7
45.Re5e7 { resign }
1-0

[Event "Tourn. n9854"]
[Site "www.echecsemail.com"]
[Date "2018.07.27"]
[Round "1"]
[White "Reda"]
[Black "Ztornad"]
[WhiteElo "1680"]
[BlackElo "1690"]
[Result "0-1"]
[Round "1"]
1.d4 d5
2.Bc1f4 Nb8a6
3.e3 Bc8d7
4.Nb1c3 Ng8f6
5.Bf1xa6 bxa6
6.Ng1f3 Nf6g4
7.h3 Ng4f6
8.O-O Nf6e4
9.Nc3xe4 dxe4
10.Nf3d2 Bd7b5
11.a4 Bb5xf1
12.Qd1xf1 f5
13.Qf1xa6 h6
14.Qa6c6 Kf7
15.Nd2c4 e6
16.Qc6xc7 Qd8xc7
17.Bf4xc7 Ra8c8
18.Nc4d6 Bf8xd6
19.Bc7xd6 Rc8xc2
20.b4 Rh8c8
21.Bd6c5 Rc2b2
22.b5 e5
23.Kf1 exd4
24.exd4 Rc8c7
25.g3 g5
26.a5 Rb2xb5
27.Ke2 g4
28.hxg4 fxg4
29.Ke3 Rb5b2
30.Kxe4 Rb2xf2
31.Ra1h1 Rf2f6
32.Rh1h4 Rf6g6
33.Kf5 Rg6g5
34.Kf4 Kg6
35.Rh4xg4 Rg5xg4
36.Kxg4 Rc7f7
37.d5 h5
38.Kh3 Kg5
39.Bc5e3 Kf5
40.Be3f4 Rf7f8
41.d6 Rf8d8
42.Kh4 Kg6
43.Bf4e3 a6
44.Be3f4 Rd8d7
45.Bf4e5 Rd7b7
46.Be5f4 Rb7d7
47.Bf4e5 Kf5
48.Be5f4 Kg6
49.Bf4e5 Rd7h7
50.Be5f4 Kf5
51.Bf4g5 Ke6
52.Bg5f4 Kd5
53.Kg5 Ke6
54.Kg6 Rh7b7
55.Kxh5 Rb7b5
56.Kg6 Rb5xa5
57.g4 Ra5d5
58.g5 Rd5d4
59.Kg7 Rd4xf4
{ resign }
0-1

[Event "Match"]
[Site "www.echecsemail.com"]
[Date "2018.07.27"]
[Round "1"]
[White "Cal"]
[Black "Alessiov"]
[WhiteElo "1790"]
[BlackElo "1569"]
[Result "0-1"]
[Round "1"]
1.c4 c5
2.Nb1c3 Nb8c6
3.e3 e6
4.a3 d5
5.Ng1f3 d4
6.exd4 cxd4
7.Nc3e4 f5
8.Ne4g3 e5
9.d3 a5
10.Qd1a4 Bc8d7
11.Bc1g5 Qd8c7
12.b4 Nc6xb4
13.Qa4b3 Nb4a6
14.Bf1e2 Na6c5
15.Qb3b2 h6
16.Bg5h4 g5
17.O-O O-O-O
18.Bh4xg5 hxg5
19.Nf3xg5 Ng8h6
20.Ra1b1 Bf8e7
21.Ng3h5 Be7xg5
22.h3 Nh6f7
23.Nh5g7 Rd8g8
24.Be2f3 Rg8xg7
25.Qb2c2 Bg5f6
26.Bf3d5 Nf7g5
27.Rb1b2 Ng5xh3
28.Kh2 e4
29.g3 Nh3xf2
30.Kg2 Qc7xg3

0-1

[Event "Match"]
[Site "www.echecsemail.com"]
[Date "2018.07.27"]
[Round "1"]
[White "Micheles"]
[Black "Daniel13"]
[WhiteElo "2580"]
[BlackElo "1699"]
[Result "1-0"]
[Round "1"]
1.d4 d5
2.Ng1f3 c6
3.c3 Ng8f6
4.Bc1g5 Bc8f5
5.Nb1d2 Nb8d7
6.e3 e6
7.Nf3h4  { time }
1-0

[Event "Match"]
[Site "www.echecsemail.com"]
[Date "2018.07.27"]
[Round "1"]
[White "Daniel13"]
[Black "Ditto"]
[WhiteElo "1699"]
[BlackElo "1870"]
[Result "0-1"]
[Round "1"]
1.c4 e5
2.g3 Nb8c6
3.Bf1g2 Bf8c5
4.e3 Ng8f6
5.Ng1e2 d6
6.O-O Bc8g4
7.a3 a6
 { time }
0-1

[Event "Match"]
[Site "www.echecsemail.com"]
[Date "2018.07.27"]
[Round "1"]
[White "Daniel13"]
[Black "Krystek23"]
[WhiteElo "1699"]
[BlackElo "2520"]
[Result "0-1"]
[Round "1"]
1.f4 Ng8f6
2.Ng1f3 g6
3.b3 Bf8g7
4.Bc1b2 d6
5.e3 c5
6.Bf1b5 Bc8d7
7.Bb5xd7 Nb8xd7
 { time }
0-1

[Event "Match"]
[Site "www.echecsemail.com"]
[Date "2018.07.27"]
[Round "1"]
[White "Whitekknight"]
[Black "Daniel13"]
[WhiteElo "1890"]
[BlackElo "1699"]
[Result "1-0"]
[Round "1"]
1.e4 Ng8f6
2.Nb1c3 e5
3.Ng1f3 Nb8c6
4.Bf1c4 Bf8b4
5.Qd1e2 d6
6.Nc3d5 Nf6xd5
7.exd5 Nc6e7
8.c3  { time }
1-0

[Event "Match"]
[Site "www.echecsemail.com"]
[Date "2018.07.27"]
[Round "1"]
[White "Hundegana"]
[Black "Daniel13"]
[WhiteElo "2110"]
[BlackElo "1699"]
[Result "1-0"]
[Round "1"]
1.d4 b6
2.e4 Bc8b7
3.Nb1c3 g6
4.d5 Bf8g7
5.Ng1f3 d6
6.Bf1b5 Nb8d7
7.Bb5c6  { time }
1-0

[Event "Match"]
[Site "www.echecsemail.com"]
[Date "2018.07.27"]
[Round "1"]
[White "Alekpax"]
[Black "Daniel13"]
[WhiteElo "2360"]
[BlackElo "1699"]
[Result "1-0"]
[Round "1"]
1.e4 c5
2.Nb1c3 a6
3.Ng1f3 e6
4.g3 Nb8c6
5.Bf1g2 d6
6.d4 cxd4
7.Nf3xd4 Bc8d7
8.Nd4xc6 Bd7xc6
9.O-O  { time }
1-0

[Event "Match"]
[Site "www.echecsemail.com"]
[Date "2018.07.27"]
[Round "1"]
[White "Apdash"]
[Black "Chapi"]
[WhiteElo "1880"]
[BlackElo "2120"]
[Result "0-1"]
[Round "1"]
1.e4 c5
2.Ng1f3 Nb8c6
3.d4 cxd4
4.Nf3xd4 g6
5.Bf1c4 Bf8g7
6.Bc1e3 Qd8b6
7.Nd4b3 Qb6b4
8.Nb1d2 Ng8f6
9.c3 Qb4d6
10.Be3c5 Qd6c7
11.O-O Nc6e5
12.Qd1e2 Ne5xc4
13.Nd2xc4 d6
14.Bc5a3 O-O
15.e5 dxe5
16.Nc4xe5 Nf6d5
17.f4 Nd5xf4
18.Rf1xf4 Bg7xe5
19.Rf4h4 h5
20.Ra1e1 f6
21.Nb3c5 Bc8g4
22.Rh4xg4 hxg4
23.Qe2c4 Kh7
24.Qc4xg4 Rf8h8
25.h3 Qc7c8
26.Qg4xc8 Ra8xc8
27.Nc5xb7 Rc8c7
28.Nb7c5 Kg8
29.Nc5d3 Be5xc3
30.Re1xe7 Rc7xe7
31.Ba3xe7 Bc3d4
32.Kf1 Kf7
33.Be7a3 Ke6
34.Ke2 Kf5
35.Nd3e1 Rh8e8
36.Kd2 Kf4
37.Ba3d6 Bd4e5
38.Ne1d3 Kg3
39.Bd6xe5 fxe5
40.Nd3e1 Re8f8
41.Ke3 Rf8f2
42.Ne1d3 Rf2xg2
43.Nd3xe5 Kxh3
44.Ne5d3 Rg2g3
45.Ke4 Rg3xd3
46.Kxd3 g5
47.b4 g4
48.a4 g3
{ resign }
0-1

[Event "Match"]
[Site "www.echecsemail.com"]
[Date "2018.07.27"]
[Round "1"]
[White "Liencam2"]
[Black "Daniel13"]
[WhiteElo "2370"]
[BlackElo "1699"]
[Result "1-0"]
[Round "1"]
1.e4 d5
2.exd5 Qd8xd5
3.Nb1c3 Qd5a5
4.Ng1f3 c6
5.d4 Bc8f5
6.Bf1c4 e6
7.Bc1d2  { time }
1-0

[Event "Match"]
[Site "www.echecsemail.com"]
[Date "2018.07.27"]
[Round "1"]
[White "Biggles"]
[Black "Apdash"]
[WhiteElo "2090"]
[BlackElo "1900"]
[Result "0-1"]
[Round "1"]
1.e4 e6
2.d4 d5
3.Nb1c3 Bf8b4
4.a3 Bb4xc3
5.bxc3 dxe4
6.Bf1c4 Ng8e7
7.Ng1e2 Ne7d5
8.O-O O-O
9.Bc1b2 Nb8d7
10.Ne2g3 f5
11.Qd1h5 Nd7f6
12.Qh5g5 c6
13.Bc4b3 h6
14.Qg5c1 b5
15.c4 bxc4
16.Bb3xc4 a5
17.Bc4a2 f4
18.Ng3e2 f3
19.Ne2g3 Qd8d6
20.Ba2xd5 cxd5
21.Rf1e1 fxg2
22.c4 Nf6g4
23.Re1e2 h5
24.cxd5 h4
25.Qc1g5 hxg3
26.Qg5xg4 gxh2
27.Kxg2 exd5
28.Qg4g5 Rf8f6
29.Qg5e5 Qd6xe5
30.dxe5 Rf6h6
31.Ra1h1 Bc8g4
32.Re2d2 Bg4f3
{ resign }
0-1

[Event "Match"]
[Site "www.echecsemail.com"]
[Date "2018.07.27"]
[Round "1"]
[White "Roque1"]
[Black "Caspito"]
[WhiteElo "1760"]
[BlackElo "1910"]
[Result "0-1"]
[Round "1"]
1.e4 e5
2.Ng1f3 Ng8f6
3.d3 Bf8c5
4.Bf1e2 O-O
5.O-O d6
6.Bc1g5 Bc8e6
7.Nb1c3 Nb8c6
8.Qd1d2 a6
9.a4 b5
10.b3 Bc5b4
11.Ra1a2 Nc6a5
12.Rf1a1 c6
13.Qd2e1 Be6g4
14.Bg5d2 Qd8d7
15.Nc3d1 Bb4xd2
16.Qe1xd2 Na5b7
17.axb5 cxb5
18.Ra2xa6 Ra8xa6
19.Ra1xa6 Nb7c5
20.Ra6a5 Nf6h5
21.d4 Nc5xe4
22.Qd2b4 Nh5f4
23.Be2xb5 Qd7c7
24.Nd1e3 Bg4xf3
25.gxf3 Nf4h3
26.Kf1 Ne4xf2
27.Ra5a6 Qc7b7
28.d5 Qb7c8
29.Qb4xd6 e4
30.Bb5c6 Qc8xa6
31.Kg2 Qa6e2
32.Ne3f1 exf3
33.Kg3 Nf2e4
{ resign }
0-1